000 00610aas a2200181 4500
999 _c50161
_d50161
001 768714001
003 CO-MdFUSB
005 20170914162620.0
008 170914s1999 ag ||||| |||| 00| 0 spa d
022 _a0326-6737
040 _aCO-MdFUSB
_bspa
_cCO-MdFUSB
_dCO-MdFUSB
041 _aspa
100 1 _aFernández, Damián
_eautor
245 1 0 _aCipriano de Cartago y la autoridad en la iglesia del siglo III
_c/ Fernández, Damián
300 _aVolumen 18 (1999), páginas 211-224
_c: 23 cm.
773 0 _tCuadernos de Teología
_049404
_959703
_gVolumen 18 (1999), páginas 211-224
_qPágina 211
942 _cANA